000 00438nam a2200181Ia 4500
005 20250603144623.0
008 250603s9999 xx 000 0 und d
020 _a9783797948
050 _aPR 9387 .5 .C36/
100 _aOtino, Nduka
245 0 _aCamouflage : best of contemporary writing from Nigeria
260 _aYenogoa
260 _bTreasure Books
260 _c2006
300 _a353 p
650 _aYenogoa
942 _cBK
999 _c39457
_d39457